000 00809cab a2200253 4500
001 ABS46491
008 090401t1992 xxu||||| |||| 00| 0 eng d
035 _a(Sirsi) u58526
041 _aeng
100 _aRoskrow, B.
245 4 _aThe long and winding road to CrossRail
260 _c1992
350 _a0
490 _aConstruction News
_v(6266)28 May 1992, 16-17(2)
520 _aReports on progress at two of London`s railway tunnel projects: the CrossRail scheme and the Heathrow Express. At the latter, the `new Austrian tunnelling method` is being tried out prior to contract.
650 _aInfrastructure
_96246
650 _aLONDON
650 _aRAILWAYS
650 _aTRANSPORT
690 _aTRANSPORT AND COMMUNICATIONS
700 _aKenny, J.
942 _n0
948 _c04/03/1997
999 _c35751
_d35751